Online Catalogue and eLibrary

Lord and peasant in Peru : (Record no. 371)

MARC details
000 -LEADER
fixed length control field 00475nam a22001697a 4500
005 - DATE AND TIME OF LATEST TRANSACTION
control field 20240212023131.0
008 - FIXED-LENGTH DATA ELEMENTS--GENERAL INFORMATION
fixed length control field 240212b |||||||| |||| 00| 0 eng d
020 ## - INTERNATIONAL STANDARD BOOK NUMBER
ISBN 674539141
082 ## - DDC Classification
DDC Edition Number 22
Class No. 307.72.
Item Number - Author Mark LAM.
100 ## - MAIN ENTRY--PERSONAL NAME
Personal name Tullis, F. lamond.
245 ## - TITLE STATEMENT
Title Lord and peasant in Peru :
Remainder of title A paradigm of political and social change /
260 ## - PUBLICATION, DISTRIBUTION, ETC.
Place of publication, distribution, etc. London.,
Name of publisher, distributor, etc. Oxford university press ,
Date of publication, distribution, etc. 1970.
300 ## - PHYSICAL DESCRIPTION
Extent (e.g. Volumes, Pages etc.) ix, 295.
650 ## - SUBJECT ADDED ENTRY--TOPICAL TERM
Topical term or geographic name entry element political
650 ## - SUBJECT ADDED ENTRY--TOPICAL TERM
Topical term or geographic name entry element social change
942 ## - Koha item type (Biblio)
Koha item type Books in Stacks (Lending)
Holdings
Lost status Damaged status Collection code Home library Current library Date acquired Full call number Accession Number Item type
    Lending WERC Library WERC Library 02/12/2024 307.72. LAM. 340 Books in Stacks (Lending)

© WERC Library